Universe, human immortality and future human evaluation /

Bibliographic Details
Main Author: Bolonkin, Alexander
Corporate Author: ScienceDirect (Online service)
Format: eBook
Language:English
Published: London : Elsevier, 2012.
Edition:1st ed.
Subjects:
Online Access:Connect to the full text of this electronic book

MARC

Tag First Indicator Second Indicator Subfields
LEADER 00000cam a2200000Ia 4500
001 in00002720721
005 20190331170342.0
006 m d
007 cr mn|
008 111222s2012 enka ob 000 0 eng d
020 |a 9780124158016 
020 |a 0124158013 
035 |a (OCoLC)ocn769156318 
035 |a (OCoLC)769156318 
040 |a HKP  |c HKP  |d OPELS  |d UtOrBLW 
049 |a TXAM 
050 4 |a QB981  |b .B65 2012eb 
082 0 4 |a 523.1  |2 23 
100 1 |a Bolonkin, Alexander. 
245 1 0 |a Universe, human immortality and future human evaluation /  |c Alexander Bolonkin. 
250 |a 1st ed. 
264 1 |a London :  |b Elsevier,  |c 2012. 
300 |a 1 online resource. 
336 |a text  |b txt  |2 rdacontent 
337 |a computer  |b c  |2 rdamedia 
338 |a online resource  |b cr  |2 rdacarrier 
504 |a Includes bibliographical references. 
500 |a Electronic resource. 
650 0 |a Cosmology. 
650 0 |a Immortality. 
650 0 |a Future life. 
655 4 |a Electronic books. 
710 2 |a ScienceDirect (Online service) 
773 0 |t ScienceDirect e-book. 
856 4 0 |u http://proxy.library.tamu.edu/login?url=http://www.sciencedirect.com/science/book/9780124158016  |z Connect to the full text of this electronic book  |t 0 
994 |a 92  |b TXA 
999 |a MARS 
999 f f |s bf680467-1d23-34fa-a37d-9de379d2e02b  |i 535c575a-e0a0-3c11-a774-51afc85d25b2  |t 0 
952 f f |a Texas A&M University  |b College Station  |c Electronic Resources  |d Available Online  |t 0  |e QB981 .B65 2012eb  |h Library of Congress classification 
998 f f |a QB981 .B65 2012eb  |t 0  |l Available Online